| 000 | 00837nam a2200253Ia 4500 | ||
|---|---|---|---|
| 003 | OSt | ||
| 005 | 20220923230455.0 | ||
| 006 | a|||||r|||| 00| 0 | ||
| 007 | ta | ||
| 008 | Pun | ||
| 020 | _c200 | ||
| 024 | _a282,341 | ||
| 037 |
_b861, 12/08/2014, H.K. Prakashan _cTextual |
||
| 040 |
_aARTS _cARTS _bPun |
||
| 041 |
_2Pun _aPun |
||
| 082 | _aO142,3N06,1, 153L7;Q2 | ||
| 100 |
_aਪੋਲੇਵੋਈ, ਬੋਰਿਸ _9156369 |
||
| 245 | 0 | _aਅਸਲੀ ਇਨਸਾਨ ਦੀ ਕਹਾਣੀ | |
| 260 |
_aਚੰਡੀਗੜ _b ਪੰਜਾਬ ਬੁੱਕ ਸੈ੍ਵਟਰ _c2012 |
||
| 300 |
_a437ਪੰ _ccm. |
||
| 650 | _aਰਾFੀਅਨ ਸਾਹਿਤ | ||
| 942 |
_hO142,3N06,1, 153L7;Q2 _cTEXL _2CC |
||
| 999 |
_c385082 _d385082 |
||